[Event "St Petersburg Korchnoi Memorial op"]
[Site "St Petersburg"]
[Date "2018.08.16"]
[Round "2"]
[White "Zhukov, Maksim"]
[Black "Gyrgenova, Ekaterina"]
[Result "1-0"]
[WhiteElo "2056"]
[BlackElo "1738"]
[PlyCount "87"]
[EventDate "2018.08.15"]
[EventType "swiss"]
[EventRounds "9"]
[EventCountry "RUS"]
[SourceTitle "CBM 186 Extra"]
[Source "ChessBase"]
[SourceDate "2018.08.24"]
[SourceVersion "1"]
[SourceVersionDate "2018.08.24"]
[SourceQuality "1"]

1. d4 Nf6 2. c4 e6 3. Nc3 Bb4 4. e3 Bxc3+ 5. bxc3 c5 6. Bd3 d6 7. Nf3 Nbd7 8. 0-0 0-0 9. e4 e5 10. Bg5 Re8 11. d5 Nf8 12. Qc1 h6 13. Be3 Ng6 14. Qd1 Qc7 15. Bc2 b6 16. h3 Ba6 17. Nd2 Qe7 18. Qe2 Bc8 19. Rfb1 Rb8 20. a4 a5 21. Ra2 Ba6 22. Rab2 Qc7 23. Nf1 Nf4 24. Bxf4 exf4 25. Qf3 Nd7 26. Qxf4 Ne5 27. Ne3 Nxc4 28. Nxc4 Bxc4 29. Qg4 Ba6 30. f4 c4 31. Qd1 Rb7 32. Qd4 Reb8 33. e5 dxe5 34. fxe5 b5 35. axb5 Rxb5 36. Rxb5 Rxb5 37. Rd1 Rb8 38. Ba4 Bb5 39. Bxb5 Rxb5 40. d6 Qd7 41. Qxc4 Rxe5 42. Qc7 Qa4 43. Rf1 Rg5 44. d7 1-0

[Event "Ulan-Ude Baikal op 13th"]
[Site "Ulan-Ude"]
[Date "2017.07.20"]
[Round "4"]
[White "Gyrgenova, Ekaterina"]
[Black "Ochirbat, Lkhagvajamts"]
[Result "1-0"]
[WhiteElo "1826"]
[BlackElo "1830"]
[PlyCount "60"]
[EventDate "2017.07.18"]
[EventType "swiss"]
[EventRounds "9"]
[EventCountry "RUS"]
[SourceTitle "EXT 2018"]
[Source "ChessBase"]
[SourceDate "2017.10.13"]
[SourceVersion "1"]
[SourceVersionDate "2017.10.13"]
[SourceQuality "1"]

1. d4 Nf6 2. c4 g6 3. Nc3 d5 4. cxd5 Nxd5 5. Bd2 Bg7 6. e4 Nxc3 7. Bxc3 0-0 8. h3 c6 9. Bc4 Nd7 10. Nf3 Qc7 11. a4 e5 12. Qc2 exd4 13. Nxd4 Ne5 14. Bb3 Qe7 15. 0-0 c5 16. Ne2 Re8 17. Bd5 Be6 18. Bxe6 Qxe6 19. Nf4 Qc4 20. Nd5 Rad8 21. a5 Nd3 22. Ra4 Nb4 23. Nxb4 cxb4 24. Rxb4 Qc7 25. Qb3 Rd7 26. Rc4 Qd8 27. Bxg7 Kxg7 28. Qa4 Re5 29. b4 Rd4 30. Qa1 Rxc4 1-0

[Event "EU School-ch U15 Girls"]
[Site "Budva"]
[Date "2017.06.14"]
[Round "4"]
[White "Gyrgenova, Ekaterina"]
[Black "Granovskaya, Ekaterina"]
[Result "0-1"]
[WhiteElo "1895"]
[BlackElo "1819"]
[PlyCount "72"]
[EventDate "2017.06.11"]
[EventType "swiss"]
[EventRounds "9"]
[EventCountry "MNE"]
[SourceTitle "EXT 2024"]
[Source "ChessBase"]
[SourceDate "2023.10.10"]
[SourceVersion "1"]
[SourceVersionDate "2023.10.10"]
[SourceQuality "1"]

1. d4 d5 2. c4 e6 3. Nc3 Be7 4. cxd5 exd5 5. Bf4 c6 6. e3 Nf6 7. Bd3 Bg4 8. Qc2 Bh5 9. h3 Bg6 10. Nf3 Bxd3 11. Qxd3 Nbd7 12. 0-0 0-0 13. Rab1 Nb6 14. b4 a6 15. Nd2 Re8 16. Rfc1 h6 17. a4 Qd7 18. Be5 Nh7 19. Bg3 f5 20. Be5 Ng5 21. Qc2 Ne4 22. Ncxe4 fxe4 23. Qb3 Bd6 24. Nxe4 Bxe5 25. Nc5 Qf7 26. dxe5 Rxe5 27. b5 axb5 28. axb5 Nc4 29. bxc6 b6 30. Nd3 Rg5 31. Ra1 Rf8 32. Nf4 Kh8 33. Qc2 Qf6 34. c7 Qe5 35. Nxd5 Qxd5 36. Qxc4 Qxg2# 0-1